Normal view
MARC view
- Invention
Entry Topical Term
001 - CONTROL NUMBER
- control field: 19491
003 - CONTROL NUMBER IDENTIFIER
- control field: OSt
005 - DATE AND TIME OF LATEST TRANSACTION
- control field: 20170323111354.0
008 - FIXED-LENGTH DATA ELEMENTS
- fixed length control field: 170323|| aca||babn | a|a d
040 ## - CATALOGING SOURCE
- Original cataloging agency: OSt
150 ## - HEADING--TOPICAL TERM
- Topical term or geographic name entry element: Invention
- General subdivision: Treatment
